000 00636nam a2200169 i 4500
001 23567
003 ES-MaACL
005 20230906152910.0
007 t|
008 021211s1908 sp ||||1| spa d
100 1 _aAllue Salvador, Claro.
_920060
245 1 0 _aDeterminación del poder calorífico de los combustibles minerales
_b: memoria presentada por Claro Allue Salvador para obtener el grado de Doctor en Ciencias, sección de químicas.
260 _aZaragoza :
_b[s.n.],
_c1908 (
_fEst. Tip. Emilio Casañal)
300 _a73 p., 2 h. pleg. :
_bil. ;
_c24 cm.
852 _aES-MaACL
_jT-1168-F-1
852 _aES-MaACL
_jT-164-F-10
999 _c23567
_d23567